| 000 | 00710nam a2200229Ia 4500 | ||
|---|---|---|---|
| 008 | 160803s9999 xx 000 0 und d | ||
| 020 | _a9780590436847 | ||
| 100 | _aColum, Padriac | ||
| 245 | _ahe Golden Fleece and the heroes who lived before Achilles / | ||
| 245 | _cby Padraic Colum ; illustrations by Willy Pogany. | ||
| 260 | _aNew York : | ||
| 260 | _bScholastic Inc. | ||
| 260 | _c1921 | ||
| 300 | _aix, 289 pages : | ||
| 300 | _bcolor frontispiece, illustrations, plates (some color) ; | ||
| 300 | _c19 cm | ||
| 500 | _aMaps on lining-papers. | ||
| 650 | _aArgonauts (Greek mythology) | ||
| 650 | _aArgonauts (Greek mythology) -- | ||
| 650 | _xJuvenile literature. | ||
| 700 | _a980 | ||
| 999 |
_c298219 _d298219 |
||